000 00379nam a2200169Ia 4500
001 14674
003 IN-NITTTR
005 20251114233138.0
008 251113s9999||||xx |||||||||||||| ||eng||
040 _beng
040 _cIN-NITTTR
041 _aeng
082 _a509 C55M
100 _aClarke, Arthur C.
245 0 _aMan and space. /
_cClarke, Arthur C.
942 _2ddc
_cBK
999 _c17310
_d17310